Sprachkritikastereien und was der "Fachler" dazu sagt /

Bibliographic Details
Main Author: Sanders, Willy
Format: Book
Language:German
Published: Darmstadt : Wissenschaftliche Buchgesellschaft, [1992]
Subjects:

MARC

Tag First Indicator Second Indicator Subfields
LEADER 00000cam a2200000 a 4500
001 in00001128821
005 20150930071251.0
008 921103s1992 gw b 000 0 ger
010 |a  92234970  
020 |a 3534116909 (alk. paper) 
035 |a (OCoLC)27728035 
035 |9 AFW0673AM 
040 |a DLC  |c DLC  |d TXA  |d UtOrBLW 
049 |a TXAM 
050 0 0 |a PF3410  |b .S18 1992 
082 0 0 |a 808  |2 20 
100 1 |a Sanders, Willy. 
245 1 0 |a Sprachkritikastereien und was der "Fachler" dazu sagt /  |c Willy Sanders. 
264 1 |a Darmstadt :  |b Wissenschaftliche Buchgesellschaft,  |c [1992] 
264 4 |c ©1992 
300 |a vii, 177 pages ;  |c 25 cm. 
336 |a text  |b txt  |2 rdacontent 
337 |a unmediated  |b n  |2 rdamedia 
338 |a volume  |b nc  |2 rdacarrier 
504 |a Includes bibliographical references (pages [171]-177). 
650 0 |a German language  |x Style. 
999 |a MARS 
999 f f |s 1859f7d7-0bca-35b9-9e37-35ccb7575b03  |i aa801b34-635d-36f7-9121-8d424fe24680  |t 0 
952 f f |p ric  |a Texas A&M University  |b Rellis Campus  |c Joint Library Facility  |d Remote Storage  |t 0  |e PF3410 .S18 1992  |h Library of Congress classification  |i unmediated -- volume  |m A14817062214 
998 f f |a PF3410 .S18 1992  |t 0  |l Remote Storage